000 00564nam a2200193Ia 4500
005 20230801150349.0
008 210716s2003 xx 000 0 und d
020 _a8177223046
040 _cAIMIT LIBRARY
041 _aeng
082 _a005.133
_21
_bMCGM
100 _aMcgrath, Mike.
_9128989
245 _aC programming: in easy steps:
_bin easy steps /
_cBy Mike Mcgrath.
250 _a1st ed.
260 _aNew Delhi :
_bDreamtech Press ,
_c2003.
300 _a192p.
_bPB
_c23.5cm
650 _aC Programming
_9128990
942 _2ddc
_cBK
_e1st
_k005.133 MCGM
999 _c186455
_d186455